Vianočná knižka sa otvára

Bibliographic Details
Other Authors: Prextová, Kamila, 1971- (Compiler), Čurajová, Adriana (Compiler)
Format: Book
Language:Slovak
PhysicalDescription:20 s. fareb. ilustr. 21 cm
Published: Košice Knižnica pre mládež mesta Košice 2011
ISBN:9788089161188 (brož.)
Edition:[1. vyd.]
Subjects:

MARC

LEADER 00000cam a2200000 a 4500
001 vtls010344886
003 SK-MaSNL
005 20260301085000.0
008 120229s2011 xo a b 000 0 slo
015 |a SNBE2012/03-00643 
020 |a 9788089161188 (brož.) 
040 |a SNK  |b slo  |c SNK  |e AACR2 
041 0 |a slo 
044 |a xo  |c SK 
072 7 |a 821-93  |x Literatúra pre deti a mládež (beletria)  |2 konspekt 
080 |a 398.332.416  |2 2001 
080 |a 08/09  |2 2001 
080 |a 316.346.32-053.2  |2 2001 
080 |a 82-93  |2 2001 
080 |a (035)  |2 2001 
245 0 0 |a Vianočná knižka sa otvára  |c [zostavila: Kamila Prextová, Adriana Čurajová] 
250 |a [1. vyd.] 
260 |a Košice  |b Knižnica pre mládež mesta Košice  |c 2011 
300 |a 20 s.  |b fareb. ilustr.  |c 21 cm 
366 |e 4000 výt. 
650 0 7 |a Vianoce  |2 SNKPH  |9 3412 
650 0 7 |a knihy  |2 SNKPH  |9 19731 
650 0 7 |a deti a mládež  |2 SNKPH  |9 774 
650 0 7 |a literatúra pre deti a mládež  |2 SNKPH  |9 21893 
650 0 7 |a Christmas  |2 SNKPHeng  |9 304887 
650 0 7 |a Books  |2 SNKPHeng  |9 302610 
650 0 7 |a Children and youth  |2 SNKPHeng  |9 267397 
650 0 7 |a Children's and juvenile literature  |2 SNKPHeng  |9 266057 
655 7 |a príručky  |2 SNKPH  |9 74364 
655 7 |a Handbooks, manuals, etc.  |2 SNKPHeng  |9 90964 
700 1 |a Prextová, Kamila,  |d 1971-  |4 com  |9 340312 
700 1 |a Čurajová, Adriana  |4 com  |9 345720 
919 |a 978-80-89161-18-8 
958 |a DB 
958 |a LX 
999 |c 664721  |d 666651 
952 |a SNK  |b SNK  |y PREZ  |7 0  |p 17A0879339  |o snkOSC 25929  |i snk2012/5345  |8 0  |0 0  |1 0  |4 0  |d 2012-02-29  |l 0  |r 2026-02-23 19:05:55  |w 2026-02-23 
952 |a SNK  |b SNK  |y VYP  |7 0  |p 17A0879340  |o snkOSC 25929 D1  |i snk2012/5347  |8 0  |0 0  |1 0  |4 0  |d 2012-02-29  |l 0  |r 2026-02-23 19:05:55  |w 2026-02-23